Human factors in geographical information systems

Αποθηκεύτηκε σε:
Λεπτομέρειες βιβλιογραφικής εγγραφής
Άλλοι συγγραφείς: Medyckyj-Scott, David 1962- (Επιμελητής έκδοσης), Hearnshaw, Hilary M. 1948- (Επιμελητής έκδοσης)
Μορφή: Βιβλίο
Γλώσσα:English
Δημοσίευση: London : John Wiley and Sons, c1993
Θέματα:
Ετικέτες: Προσθήκη ετικέτας
Δεν υπάρχουν, Καταχωρήστε ετικέτα πρώτοι!

MARC

LEADER 00000nam a2200000 i 4500
001 1/76905
008 990401s1993 eng d
020 |a 0-471-94725-3 
035 |l 10049718 
040 |a GR-MY-UA  |b gre  |e aacr 
041 0 |a eng 
082 0 |a 910.285 
245 1 0 |a Human factors in geographical information systems /  |c edited by David Medyckyj-Scott & Hilary M. Hearnshaw 
260 |a London :   |b John Wiley and Sons,   |c c1993 
300 |a 266 p. 
504 |a Includes bibliographical references and index 
650 0 0 |a Geographic information systems. 
650 0 0 |a Human-computer interaction. 
700 1 |a Medyckyj-Scott, David  |d 1962-  |4 edt 
700 1 |a Hearnshaw, Hilary M.  |d 1948-  |4 edt 
852 |a INST  |b LESVOS  |e 19990401  |h 910.285 HUM  |p 005100017043  |q 005100017043  |t BK  |y 0 
901 |a BIBL-1999-1 
909 |a Λ  |b 062054 
922 |a 1ΕΛΗ  |b 199812  |c ΚΠΣ/ΤΓ  |d LEADER 
950 |a 118-1998-10-19